| 000 | 01189nas a2200349 4500 | ||
|---|---|---|---|
| 001 | BR2012004756 | ||
| 003 | BR-BrBNA | ||
| 005 | 20231205120800.0 | ||
| 007 | ta | ||
| 008 | 230509b bl.|||p| |||| 00| 00por d | ||
| 040 |
_aBR-BrBNA _bpor _cBiblioteca Nacional de Agricultura |
||
| 041 | _a(Pt) | ||
| 072 | _aF01 | ||
| 100 | 1 | _aAmarante, C.V.T. do | |
| 100 | 1 | _aSteffens, C.A. | |
| 100 | 1 | _aMiqueloto, A. | |
| 100 | 1 | _aZanardi, O.Z. | |
| 100 | 1 | _aSantos, H.P. dos | |
| 245 | 1 | _aDisponibilidade de luz em macieiras 'fuji' cobertas com telas antigranizo e seus efeitos sobre a fotossíntese, o rendimento e a qualidade dos frutos | |
| 246 | 1 | _aLigth supply to 'fuji' apple trees covered with hail protection nets and its effects on photosynthesys, yield and fruit quality | |
| 650 | _aMAÇÃ | ||
| 650 | _aMALUS DOMESTICA | ||
| 650 | _aRADIAÇÃO SOLAR | ||
| 650 | _aSOMBREAMENTO | ||
| 650 | _aGRANIZO | ||
| 650 | _aFRUTO | ||
| 650 | _aRENDIMENTO | ||
| 650 | _aQUALIDADE | ||
| 773 | 0 |
_tRevista Brasileira de Fruticultura (Brazil) _xISSN 0100-2945 _g(Sep 2009), v. 31(3) p. 664-670 _wBR2012004756 |
|
| 909 |
_a202311 _bLúcia _c55 _dLúcia Elande |
||
| 942 |
_2AGRIS _n0 _cANA |
||
| 999 |
_c220289 _d220289 |
||